| 000 | 01160nam a2200325 a 4500 | ||
|---|---|---|---|
| 005 | 20191224041831.0 | ||
| 008 | 141204b2007 ck ||||| |||| 00| 0 spa d | ||
| 020 | _a9789588317243 | ||
| 040 |
_cCO-BoIH _aCO-BoIAVH |
||
| 041 | _aspa | ||
| 044 | _ack | ||
| 082 | 0 | 4 |
_a577.3012 _bC26c |
| 090 |
_aLB _b05290 |
||
| 100 | _aCárdenas López, Dairon | ||
| 245 |
_aCaracterización y tipificación forestal de ecosistemas en el municipio de Inírida y el corregimiento de Cacahual (Departmento de Guainía) _buna zonificación forestal para la ordenación de los recursos |
||
| 260 |
_aBogotá _bSinchi _bCDA _c2007 |
||
| 300 | _a252 p. | ||
| 650 | 6 | _aordenamiento del territorio | |
| 650 | 6 | _aZonificación forestal | |
| 650 | 6 | _aUso del suelo | |
| 650 | 6 | _aRecursos forestales | |
| 650 | 6 | _aEcosistemas | |
| 662 |
_aColombia _bGuainia |
||
| 700 | 1 | _aBarreto Silva, Juan Sebastián | |
| 700 | 1 | _aArias García, Juan Carlos | |
| 700 | 1 | _aMurcia García, Uriel Gonzalo | |
| 700 | 1 | _aSalazar Cardona, Carlos Ariel | |
| 700 | 1 | _aMéndez Quevedo, Orlando | |
| 942 |
_cLIBRO _2ddc |
||
| 999 |
_c6331 _d6331 |
||